Edible Animals Quiz Stats

 Plays Quiz Updated Mar 27, 2018

Score 0/22 Timer 05:00
2 Plays Today
Meat or Dish Animal % Correct
WienerschnitzelCalf
85.5%
VenisonDeer
85%
HasenpfefferRabbit
82.3%
EscargotSnails
79.1%
ScampiNorway Lobster
75.6%
SashimiSeafood (raw)
73.2%
Kanga BangersKangaroo
72.9%
HoggetSheep
67.8%
Blockade MuttonDog
61.9%
Rocky Mountain OystersBull (testicle)
53.9%
Roof RabbitCat
53.1%
Meat or Dish Animal % Correct
Bushytail with applesSquirrel
43.5%
ShootersOysters
42.5%
BoodogUsually: Goat or Marmot
38.1%
SquabPigeon
34.5%
Cuisses de GrenouillesFrog (legs)
33.6%
MuktukWhale
22.3%
CuyGuinea Pig
17%
Poronkäristys with LingonberriesReindeer
12.4%
EscamolesAnt (larvae)
11.7%
Marsh RabbitMuskrat
7.3%
Mulga AppleWasp (gall with larva)
6.3%

You're not logged in!

Compare scores with friends on all Sporcle quizzes.
OR
Log In

Sporcle TV

Today on Sporcle TV


Watch our educational content, quiz creation guides, and fun videos on Sporcle TV.

Show Comments

Extras

Top Quizzes Today


Score Distribution

Your Account Isn't Verified!

In order to create a playlist on Sporcle, you need to verify the email address you used during registration. Go to your Sporcle Settings to finish the process.

Report this User

Report this user for behavior that violates our Community Guidelines.

Details: